Strength of materials : Mechanics of solids (Record no. 6122)
[ view plain ]
| 000 -LEADER | |
|---|---|
| fixed length control field | 00437nam a2200169Ia 4500 |
| 008 - FIXED-LENGTH DATA ELEMENTS--GENERAL INFORMATION | |
| fixed length control field | 230711s9999||||xx |||||||||||||| ||und|| |
| 020 ## - INTERNATIONAL STANDARD BOOK NUMBER | |
| International Standard Book Number | 978-93-854-0136-7 |
| 041 ## - LANGUAGE CODE | |
| Language code of text/sound track or separate title | ENG |
| 082 ## - DEWEY DECIMAL CLASSIFICATION NUMBER | |
| Classification number | 620.112 |
| Item number | RA-S |
| 100 ## - MAIN ENTRY--PERSONAL NAME | |
| Personal name | Rajput,R.K |
| 245 #0 - TITLE STATEMENT | |
| Title | Strength of materials : Mechanics of solids |
| 250 ## - EDITION STATEMENT | |
| Edition statement | 6th Ed. |
| 260 ## - PUBLICATION, DISTRIBUTION, ETC. | |
| Date of publication, distribution, etc. | 2016 |
| Place of publication, distribution, etc. | New Delhi |
| Name of publisher, distributor, etc. | S.Chand & Company Ltd |
| 300 ## - PHYSICAL DESCRIPTION | |
| Extent | 1450p. |
| 650 ## - SUBJECT ADDED ENTRY--TOPICAL TERM | |
| Topical term or geographic name entry element | Mechanical Engineering |
| 942 ## - ADDED ENTRY ELEMENTS (KOHA) | |
| Koha item type | Book |
| Withdrawn status | Lost status | Damaged status | Not for loan | Collection | Home library | Current library | Date acquired | Cost, normal purchase price | Inventory number | Total checkouts | Full call number | Barcode | Date last seen | Price effective from | Koha item type | Date last checked out | Total renewals | Date due |
|---|---|---|---|---|---|---|---|---|---|---|---|---|---|---|---|---|---|---|
| MRSPTU Central Library | MRSPTU Central Library | 995.00 | KBD/2016-2017/961842808 | 620.112 RA-S | 33705 | 08/17/2023 | 08/17/2023 | Book | ||||||||||
| MRSPTU Central Library | MRSPTU Central Library | 995.00 | KBD/2016-2017/961842808 | 620.112 RA-S | 33706 | 08/17/2023 | 08/17/2023 | Book | ||||||||||
| MRSPTU Central Library | MRSPTU Central Library | 995.00 | KBD/2016-2017/961842808 | 5 | 620.112 RA-S | 33707 | 12/26/2025 | 08/17/2023 | Book | 12/15/2025 | ||||||||
| MRSPTU Central Library | MRSPTU Central Library | 995.00 | KBD/2016-2017/961842808 | 5 | 620.112 RA-S | 33708 | 10/16/2025 | 08/17/2023 | Book | 09/24/2025 | ||||||||
| MRSPTU Central Library | MRSPTU Central Library | 995.00 | KBD/2016-2017/961842808 | 3 | 620.112 RA-S | 33709 | 06/03/2025 | 08/17/2023 | Book | 04/25/2025 | ||||||||
| MRSPTU Central Library | MRSPTU Central Library | 995.00 | KBD/2016-2017/961842808 | 7 | 620.112 RA-S | 33710 | 10/17/2025 | 08/17/2023 | Book | 09/23/2025 | ||||||||
| MRSPTU Central Library | MRSPTU Central Library | 995.00 | KBD/2016-2017/961842808 | 10 | 620.112 RA-S | 33711 | 01/14/2026 | 08/17/2023 | Book | 12/22/2025 | ||||||||
| MRSPTU Central Library | MRSPTU Central Library | 995.00 | KBD/2016-2017/961842808 | 1 | 620.112 RA-S | 33712 | 01/02/2025 | 08/17/2023 | Book | 11/08/2024 | ||||||||
| MRSPTU Central Library | MRSPTU Central Library | 995.00 | KBD/2016-2017/961842808 | 16 | 620.112 RA-S | 33713 | 03/13/2026 | 08/17/2023 | Book | 03/06/2026 | 1 | |||||||
| MRSPTU Central Library | MRSPTU Central Library | 995.00 | KBD/2016-2017/961842808 | 9 | 620.112 RA-S | 33714 | 01/20/2026 | 08/17/2023 | Book | 12/18/2025 | ||||||||
| MRSPTU Central Library | MRSPTU Central Library | 995.00 | KBD/2016-2017/961842808 | 2 | 620.112 RA-S | 33715 | 01/29/2024 | 08/17/2023 | Book | 09/18/2023 | ||||||||
| MRSPTU Central Library | MRSPTU Central Library | 995.00 | KBD/2016-2017/961842808 | 620.112 RA-S | 33716 | 08/17/2023 | 08/17/2023 | Book | ||||||||||
| MRSPTU Central Library | MRSPTU Central Library | 995.00 | KBD/2016-2017/961842808 | 18 | 620.112 RA-S | 33717 | 01/08/2026 | 08/17/2023 | Book | 11/28/2025 | 1 | |||||||
| MRSPTU Central Library | MRSPTU Central Library | 995.00 | KBD/2016-2017/961842808 | 2 | 620.112 RA-S | 33718 | 03/27/2025 | 08/17/2023 | Book | 01/31/2025 | ||||||||
| MRSPTU Central Library | MRSPTU Central Library | 995.00 | KBD/2016-2017/961842808 | 10 | 620.112 RA-S | 33719 | 01/13/2026 | 08/17/2023 | Book | 12/15/2025 | ||||||||
| MRSPTU Central Library | MRSPTU Central Library | 995.00 | KBD/2016-2017/961842808 | 5 | 620.112 RA-S | 33720 | 08/20/2025 | 08/17/2023 | Book | 07/29/2025 | ||||||||
| MRSPTU Central Library | MRSPTU Central Library | 995.00 | KBD/2016-2017/961842808 | 5 | 620.112 RA-S | 33721 | 09/25/2025 | 08/17/2023 | Book | 09/15/2025 | ||||||||
| MRSPTU Central Library | MRSPTU Central Library | 995.00 | KBD/2016-2017/961842808 | 7 | 620.112 RA-S | 33722 | 10/16/2025 | 08/17/2023 | Book | 09/23/2025 | ||||||||
| MRSPTU Central Library | MRSPTU Central Library | 995.00 | KBD/2016-2017/961842808 | 8 | 620.112 RA-S | 33723 | 12/30/2025 | 08/17/2023 | Book | 12/15/2025 | ||||||||
| MRSPTU Central Library | MRSPTU Central Library | 995.00 | KBD/2016-2017/961842808 | 15 | 620.112 RA-S | 33724 | 04/22/2026 | 08/17/2023 | Book | 04/22/2026 | 05/13/2026 | |||||||
| MRSPTU Central Library | MRSPTU Central Library | 995.00 | KBD/2016-2017/961842808 | 2 | 620.112 RA-S | 33725 | 08/29/2025 | 08/17/2023 | Book | 08/08/2025 | ||||||||
| MRSPTU Central Library | MRSPTU Central Library | 995.00 | KBD/2016-2017/961842808 | 2 | 620.112 RA-S | 33726 | 06/20/2025 | 08/17/2023 | Book | 05/16/2025 | ||||||||
| MRSPTU Central Library | MRSPTU Central Library | 995.00 | KBD/2016-2017/961842808 | 9 | 620.112 RA-S | 33727 | 10/16/2025 | 08/17/2023 | Book | 09/16/2025 | ||||||||
| MRSPTU Central Library | MRSPTU Central Library | 995.00 | KBD/2016-2017/961842808 | 3 | 620.112 RA-S | 33728 | 10/16/2025 | 08/17/2023 | Book | 09/16/2025 | ||||||||
| MRSPTU Central Library | MRSPTU Central Library | 995.00 | KBD/2016-2017/961842808 | 4 | 620.112 RA-S | 33729 | 04/01/2025 | 08/17/2023 | Book | 03/03/2025 |
